| 000 | 00775nam a2200229Ia 4500 | ||
|---|---|---|---|
| 001 | 17168 | ||
| 003 | GE_BSU | ||
| 008 | 181216s||||||||xx |||||||||||||| ||und|| | ||
| 040 | _cGE_BSU | ||
| 080 | _a821.161.1-32 | ||
| 100 | _aპაუსტოვსკი, კონსტანტინე | ||
| 245 | _aოქროს ვარდი | ||
| 245 | _bმოთხრობები | ||
| 245 | _cთარგმანი გ. გოგიაშვილისა. რედ. ა. დავითიანი | ||
| 260 | _aთბილისი | ||
| 260 | _bსაბჭ. საქართველო | ||
| 260 | _c1969 | ||
| 300 | _a528გვ. ; 22სმ. | ||
| 653 | _aმოთხრობები | ||
| 653 | _aოქროს ვარდი | ||
| 942 | _cBK | ||
| 999 |
_c50230 _d50230 |
||